2024年夏の甲子園出場校 - Statistics

General Stats
  • This quiz has been taken 301 times
  • The average score is 24 of 49
Answer Stats
都道府県 出場校 % Correct
大阪 大阪桐蔭
83%
青森 青森山田
78%
岩手 花巻東
77%
和歌山 智弁和歌山
77%
京都 京都国際
76%
奈良 智弁学園
73%
群馬 健大高崎
71%
神奈川 東海大相模
71%
福島 聖光学院
68%
西東京 早稲田実
66%
広島 広陵
66%
沖縄 興南
63%
埼玉 花咲徳栄
62%
兵庫 報徳学園
62%
愛知 中京大中京
60%
秋田 金足農
59%
東東京 関東第一
59%
高知 明徳義塾
59%
山梨 日本航空
57%
滋賀 滋賀学園
57%
島根 大社
57%
鹿児島 神村学園
55%
山形 鶴岡東
51%
石川 小松大谷
49%
栃木 石橋
48%
大分 明豊
48%
千葉 木更津総合
47%
富山 富山商
44%
北北海道 白樺学園
43%
南北海道 札幌日大
42%
茨城 霞ヶ浦
42%
宮城 聖和学園
41%
熊本 熊本工
39%
静岡 掛川西
38%
岡山 岡山学芸館
38%
徳島 鳴門渦潮
38%
福岡 西日本短大付
38%
宮崎 宮崎商
36%
三重 菰野
35%
福井 北陸
34%
長野 長野日大
33%
長崎 創成館
33%
岐阜 岐阜城北
30%
佐賀 有田工
30%
新潟 新潟産大付
29%
香川 英明
29%
愛媛 聖カタリナ
28%
山口 南陽工
21%
鳥取 鳥取日大
2%
No matching quizzes found
Score Distribution
Percent of People with Each Score
Percentile by Number Answered
Your Score History
You have not taken this quiz